Molecular Cell Biology (Record no. 16576)

000 -LEADER
fixed length control field 00300nam a22001337a 4500
003 - CONTROL NUMBER IDENTIFIER
control field Nust
005 - DATE AND TIME OF LATEST TRANSACTION
control field 20170223095404.0
008 - FIXED-LENGTH DATA ELEMENTS--GENERAL INFORMATION
fixed length control field 131127t xxu||||| |||| 00| 0 eng d
020 ## - INTERNATIONAL STANDARD BOOK NUMBER
International Standard Book Number 978-0-7167-7601-7
040 ## - CATALOGING SOURCE
Original cataloging agency ASAB
Transcribing agency ASAB
082 ## - DEWEY DECIMAL CLASSIFICATION NUMBER
Classification number 571.6 LOD
100 ## - MAIN ENTRY--PERSONAL NAME
Personal name Lodish
9 (RLIN) 309
245 ## - TITLE STATEMENT
Title Molecular Cell Biology
250 ## - EDITION STATEMENT
Edition statement 6th Ed.
300 ## - PHYSICAL DESCRIPTION
Extent 340 p.
942 ## - ADDED ENTRY ELEMENTS (KOHA)
Source of classification or shelving scheme
Koha item type Book
Holdings
Withdrawn status Lost status Source of classification or shelving scheme Damaged status Not for loan Permanent Location Current Location Date acquired Total Checkouts Full call number Barcode Date last seen Date last checked out Price effective from Koha item type Total Renewals Checked out
          Atta-ur-Rahman School of Applied Biosciences (ASAB) Atta-ur-Rahman School of Applied Biosciences (ASAB) 06/03/2016 2 571.6 LOD ASAB1454 05/08/2017 08/05/2016 06/03/2016 Book    
          Atta-ur-Rahman School of Applied Biosciences (ASAB) Atta-ur-Rahman School of Applied Biosciences (ASAB) 04/01/2016 3 571.6 LOD ASAB1450 04/08/2026 01/27/2026 04/01/2016 Book 2  
          Atta-ur-Rahman School of Applied Biosciences (ASAB) Atta-ur-Rahman School of Applied Biosciences (ASAB) 02/02/2016 1 571.6 LOD ASAB1453 05/30/2016 02/02/2016 02/02/2016 Book    
          Atta-ur-Rahman School of Applied Biosciences (ASAB) Atta-ur-Rahman School of Applied Biosciences (ASAB) 10/12/2015 3 571.6 LOD ASAB694 03/02/2026 03/02/2026 10/12/2015 Book   04/01/2026
          Atta-ur-Rahman School of Applied Biosciences (ASAB) Atta-ur-Rahman School of Applied Biosciences (ASAB) 10/12/2015 2 571.6 LOD ASAB1451 01/28/2026 01/28/2026 10/12/2015 Book 2 05/13/2026
          Atta-ur-Rahman School of Applied Biosciences (ASAB) Atta-ur-Rahman School of Applied Biosciences (ASAB) 09/18/2015 4 571.6 LOD ASAB1452 02/27/2026 02/27/2026 09/18/2015 Book 2 05/10/2026
          Atta-ur-Rahman School of Applied Biosciences (ASAB) Atta-ur-Rahman School of Applied Biosciences (ASAB) 11/27/2013   571.6 LOD ASAB693 11/27/2013   11/27/2013 Book    
          Atta-ur-Rahman School of Applied Biosciences (ASAB) Atta-ur-Rahman School of Applied Biosciences (ASAB) 11/27/2013 1 571.6 LOD ASAB692 02/23/2017 05/23/2016 11/27/2013 Book    
© 2023 Central Library, National University of Sciences and Technology. All Rights Reserved.